000 00694cam a2200217 a 4500
001 000019114
005 20200929165927.0
008 871016s1944 xxu 000 1 eng
010 _a87028334
020 _a0192817752
040 _aDO-SdBNP
_cDLC
_dDLC
_dBNPHU
082 _a828.8
_bD548p
100 1 _aDickens, Charles,
_d1812-1870.
_91442
245 1 4 _aThe Pickwick papers /
_cCharles Dickens.
260 _aNew York :
_bInternational Colector´s Library American Headquarters,
_c1944.
300 _axv, 687 p. ;
_c19 cm.
651 4 _aEscritos Varios
_xFicción
_941131
650 4 _aHistorias de humor
_941132
650 4 _aLiteratura inglesa
_9498
910 _aCatalogación derivada / LC
999 _c18632
_d18632